000 00814nam a22002777a 4500
001 BR8206154
003 BR-BrBNA
005 20230928091454.0
007 ta
008 230509b bl.||||| |||| 00| 0 por d
040 _aBR-BrBNA
_bpor
_cBiblioteca Nacional de Agricultura
041 _a(Por)
072 _aQ10
_b9930
_b9343
_b0230
090 _ 9930 BR8206154
100 1 _aPinto, G.L.
110 1 _aUniversidade Federal de Vicosa, MG (Brasil)
_0Tese (Magister Scientiae)
245 1 _aProducao de melado a partir de caldo de cana [industria alimenticia]
260 3 _aVicosa, MG (Brasil):
_c1982.
300 _a38 p.
500 _a16 tables; 18 ref.; Summary (Por)
650 _aCANA DE ACUCAR
650 _aCALDO DE CANA
650 _aMELADO
909 _a202309
_bLucia
_c55
_dLucia Elande
942 _cBK
999 _c34013
_d34013